00388nam a22001452 4500001001100000005001700011008004100028040001500069245005400084250001300138260004500151300001200196610003100208852000300239000001220020151217155851.0090216s xx 000 0 eng d aKABUcKABU10aBarclays Bank (Dominion, Colonial and overseas) : a1st ed. aPlymouth, UK. :bMayflower Press,c1938. a269 p.20aBarclays Bank.@00001684551